000 00313nam a22001337a 4500
008 170214b xxu||||| |||| 00| 0 eng d
020 _a9780815123897
041 _aeng
080 _24TH
_a61
100 _a4
101 _aSHM
245 _aHEALTH PROMOTION THROUGHOUT THE LIFESPAN
_cEDELMAN, C.L
942 _2udc
_cBK
999 _c5438
_d5438